Malá československá encyklopédie 5 : Pom - S

Uložené v:
Podrobná bibliografia
Médium: Kniha
Jazyk:Czech
Vydavateľské údaje: Praha : Academia, 1987
Vydanie:1. vyd.
Tagy: Pridať tag
Žiadne tagy, Buďte prvý, kto otaguje tento záznam!

MARC

LEADER 00000nam a22000003a 4500
001 stu11039
005 20150408181740.4
008 950209s1987----cs------------------cze-d
040 |a STU  |b slo 
041 0 |a cze 
044 |a cs 
245 |a Malá československá encyklopédie 5 :  |b Pom - S 
250 |a 1. vyd. 
260 |a Praha :  |b Academia,  |c 1987 
300 |a 998 s 
996 |b 284AU00952  |c A*1163  |l AAKNST  |s P  |a 0  |w stu11039_0001